<?xml version="1.0" encoding="UTF-8"?><?xml-stylesheet type="text/xsl" href="static/style.xsl"?><OAI-PMH xmlns="http://www.openarchives.org/OAI/2.0/" xmlns:xsi="http://www.w3.org/2001/XMLSchema-instance" xsi:schemaLocation="http://www.openarchives.org/OAI/2.0/ http://www.openarchives.org/OAI/2.0/OAI-PMH.xsd"><responseDate>2026-04-13T02:55:19Z</responseDate><request verb="GetRecord" identifier="oai:www.recercat.cat:2117/424810" metadataPrefix="marc">https://recercat.cat/oai/request</request><GetRecord><record><header><identifier>oai:recercat.cat:2117/424810</identifier><datestamp>2026-01-21T07:11:37Z</datestamp><setSpec>com_2072_1033</setSpec><setSpec>col_2072_452950</setSpec></header><metadata><record xmlns="http://www.loc.gov/MARC21/slim" xmlns:dcterms="http://purl.org/dc/terms/" xmlns:xsi="http://www.w3.org/2001/XMLSchema-instance" xmlns:doc="http://www.lyncode.com/xoai" xsi:schemaLocation="http://www.loc.gov/MARC21/slim http://www.loc.gov/standards/marcxml/schema/MARC21slim.xsd">
   <leader>00925njm 22002777a 4500</leader>
   <datafield ind2=" " ind1=" " tag="042">
      <subfield code="a">dc</subfield>
   </datafield>
   <datafield ind2=" " ind1=" " tag="720">
      <subfield code="a">Pascacio, Pavel</subfield>
      <subfield code="e">author</subfield>
   </datafield>
   <datafield ind2=" " ind1=" " tag="720">
      <subfield code="a">Vicente, David J.</subfield>
      <subfield code="e">author</subfield>
   </datafield>
   <datafield ind2=" " ind1=" " tag="720">
      <subfield code="a">Berruti, Ilaria</subfield>
      <subfield code="e">author</subfield>
   </datafield>
   <datafield ind2=" " ind1=" " tag="720">
      <subfield code="a">Granados, Samira Nahim</subfield>
      <subfield code="e">author</subfield>
   </datafield>
   <datafield ind2=" " ind1=" " tag="720">
      <subfield code="a">Oller, Isabel</subfield>
      <subfield code="e">author</subfield>
   </datafield>
   <datafield ind2=" " ind1=" " tag="720">
      <subfield code="a">Polo-López, María Inmaculada</subfield>
      <subfield code="e">author</subfield>
   </datafield>
   <datafield ind2=" " ind1=" " tag="720">
      <subfield code="a">Salazar, Fernando</subfield>
      <subfield code="e">author</subfield>
   </datafield>
   <datafield ind2=" " ind1=" " tag="260">
      <subfield code="c">2025-01</subfield>
   </datafield>
   <datafield ind2=" " ind1=" " tag="520">
      <subfield code="a">The design of efficient bacterial inactivation treatment in wastewater is challenging due to its numerous parameters and the complex composition of wastewater. Although solar photochemical processes (PCPs) provide energy-saving benefits, a balance must be maintained between bacterial inactivation efficiency and experimental costs. Predictive decision tools for bacterial inactivation under various conditions would significantly contribute to optimizing PCP design resources. This study evaluated four machine learning algorithms (ML) (i.e., Artificial Neural Network (ANN), Random Forest (RF), Support Vector Machine (SVM), and Extreme Gradient Boost (XGBoost)) for predicting bacterial inactivation behavior, using Escherichia coli, Enterococcus spp., and Salmonella spp. Several oxidant types, bacterial concentrations, and aqueous matrices were evaluated in two scenarios simulating real-world conditions. Results demonstrated that decision tree-based models (RF and XGBoost) outperformed SVM and ANN in accuracy. In Scenario I (prediction of intermediate experimental values over time) the XGBoost model was most effective, achieving a Root Mean Square Error (RMSE) of 0.81, 0.76 and 0.55 and an R2 of 0.84, 0.79, and 0.87 for the three bacteria, respectively. In Scenario II (prediction of full experimental values over time), the RF model excelled for Escherichia coli and Salmonella spp. with an RMSE of 0.88 for both and an R2 of 0.80 and 0.71, respectively. The XGBoost model showed moderate effectiveness for Enterococcus sp. with an RMSE of 1.31 and R2 of 0.50. Overall, the decision tree-based models demonstrated their potential for prediction in tests of a wide range of PCP parameters without requiring additional trials.</subfield>
   </datafield>
   <datafield ind2=" " ind1=" " tag="520">
      <subfield code="a">The publication is part of Projects TED2021-129969B-C31 and TED2021-129969B-C33 funded by MCIN/AEI/10.13039/501100011033 and by “European Union NextGenerationEU/PRTR”. This work also received funding from the Spanish Ministry of Economy and Competitiveness through the “Severo Ochoa Programme for Centres of Excellence in R&amp;D” (CEX2018-000797-S) and the Generalitat de Catalonia through the CERCA Program.</subfield>
   </datafield>
   <datafield ind2=" " ind1=" " tag="520">
      <subfield code="a">Peer Reviewed</subfield>
   </datafield>
   <datafield ind2=" " ind1=" " tag="520">
      <subfield code="a">Postprint (published version)</subfield>
   </datafield>
   <datafield tag="653" ind2=" " ind1=" ">
      <subfield code="a">Àrees temàtiques de la UPC::Desenvolupament humà i sostenible::Enginyeria ambiental</subfield>
   </datafield>
   <datafield tag="653" ind2=" " ind1=" ">
      <subfield code="a">Solar photochemical processes</subfield>
   </datafield>
   <datafield tag="653" ind2=" " ind1=" ">
      <subfield code="a">Escherichia coli</subfield>
   </datafield>
   <datafield tag="653" ind2=" " ind1=" ">
      <subfield code="a">Wastewater treatment</subfield>
   </datafield>
   <datafield tag="653" ind2=" " ind1=" ">
      <subfield code="a">Enterococcus spp.</subfield>
   </datafield>
   <datafield tag="653" ind2=" " ind1=" ">
      <subfield code="a">Salmonella spp.</subfield>
   </datafield>
   <datafield tag="653" ind2=" " ind1=" ">
      <subfield code="a">Machine learning</subfield>
   </datafield>
   <datafield ind2="0" ind1="0" tag="245">
      <subfield code="a">Toward the development of an ML-driven decision support system for wastewater treatment: A bacterial inactivation prediction approach in solar photochemical processes</subfield>
   </datafield>
</record></metadata></record></GetRecord></OAI-PMH>